Unmarried wife / (Record no. 9381)
[ view plain ]
| 000 -LEADER | |
|---|---|
| fixed length control field | 00776nam a22002657a 4500 |
| 001 - CONTROL NUMBER | |
| control field | 3541043 |
| 005 - DATE AND TIME OF LATEST TRANSACTION | |
| control field | 20171204152354.0 |
| 008 - FIXED-LENGTH DATA ELEMENTS--GENERAL INFORMATION | |
| fixed length control field | 970213s1996 ke 000 0 eng |
| 010 ## - LIBRARY OF CONGRESS CONTROL NUMBER | |
| LC control number | 96982316 |
| 020 ## - INTERNATIONAL STANDARD BOOK NUMBER | |
| International Standard Book Number | 9966465014 |
| 040 ## - CATALOGING SOURCE | |
| Original cataloging agency | DLC |
| Transcribing agency | DLC |
| 042 ## - AUTHENTICATION CODE | |
| Authentication code | lcode |
| 050 00 - LIBRARY OF CONGRESS CALL NUMBER | |
| Classification number | MLCS 96/01453 (P) |
| 100 1# - MAIN ENTRY--PERSONAL NAME | |
| Personal name | Imenda, Sitwala. |
| 245 10 - TITLE STATEMENT | |
| Title | Unmarried wife / |
| Statement of responsibility, etc. | Sitwala Imenda ; Antonie van Aardt (adviser). |
| 260 ## - PUBLICATION, DISTRIBUTION, ETC. (IMPRINT) | |
| Place of publication, distribution, etc. | Nairobi : |
| Name of publisher, distributor, etc. | Spear Books, |
| Date of publication, distribution, etc. | 1996. |
| 300 ## - PHYSICAL DESCRIPTION | |
| Extent | 141 p. ; |
| Dimensions | 18 cm. |
| 490 1# - SERIES STATEMENT | |
| Series statement | Spear book series |
| 650 ## - SUBJECT ADDED ENTRY--TOPICAL TERM | |
| Topical term or geographic name as entry element | Kenyan fiction (English) |
| 830 #0 - SERIES ADDED ENTRY--UNIFORM TITLE | |
| Uniform title | Spear books series. |
| 906 ## - LOCAL DATA ELEMENT F, LDF (RLIN) | |
| a | 7 |
| b | cbc |
| c | origode |
| d | u |
| e | ncip |
| f | 19 |
| g | y-gencatlg |
| 942 ## - ADDED ENTRY ELEMENTS (KOHA) | |
| Source of classification or shelving scheme | |
| Koha item type | Africana (Books) |
| Withdrawn status | Lost status | Source of classification or shelving scheme | Damaged status | Not for loan | Home library | Current library | Shelving location | Date acquired | Source of acquisition | Cost, normal purchase price | Total Checkouts | Full call number | Barcode | Date last seen | Date last checked out | Price effective from | Koha item type |
|---|---|---|---|---|---|---|---|---|---|---|---|---|---|---|---|---|---|
| MACHAKOS UNIVERSITY LIBRARY | MACHAKOS UNIVERSITY LIBRARY | Africana | 26/10/2015 | purchase | 505.00 | 2 | PR 9369.9.I445 2012 | 17039 | 11/09/2019 | 11/09/2019 | 26/10/2015 | Short Loan Books | |||||
| MACHAKOS UNIVERSITY LIBRARY | MACHAKOS UNIVERSITY LIBRARY | Africana | 04/12/2017 | Textbook Centre | 505.00 | PR 9369.9.I445 2012 | 37856 | 30/05/2019 | 04/12/2017 | Africana (Books) | |||||||
| MACHAKOS UNIVERSITY LIBRARY | MACHAKOS UNIVERSITY LIBRARY | Africana | 04/12/2017 | Textbook Centre | 505.00 | PR 9369.9.I445 2012 | 37857 | 30/05/2019 | 04/12/2017 | Africana (Books) | |||||||
| MACHAKOS UNIVERSITY LIBRARY | MACHAKOS UNIVERSITY LIBRARY | Africana | 04/12/2017 | Textbook Centre | 505.00 | PR 9369.9.I445 2012 | 37858 | 30/05/2019 | 04/12/2017 | Africana (Books) | |||||||
| MACHAKOS UNIVERSITY LIBRARY | MACHAKOS UNIVERSITY LIBRARY | Africana | 04/12/2017 | Textbook Centre | 505.00 | PR 9369.9.I445 2012 | 37859 | 30/05/2019 | 04/12/2017 | Africana (Books) |